| 000 | 00662nam a2200217 4500 | ||
|---|---|---|---|
| 003 | OSt | ||
| 005 | 20240729050451.0 | ||
| 006 | a | ||
| 008 | 240729b |||||||| |||| 00| 0 eng d | ||
| 020 | _a007003575x | ||
| 040 |
_aDWCL-Main lib. _cOC |
||
| 082 | _aRes. 511.6076 B171s 1995 | ||
| 100 | _aBalakrishnan, V.K. | ||
| 245 | _aSchaum’s outline of theory and problems of combinatorics / | ||
| 260 |
_aN.Y. : _bMcGraw-Hill, _cc1995. |
||
| 300 |
_aviii, _b200 p. : ill. ; _c28 cm |
||
| 490 | _3Schaum’s outline series | ||
| 504 | _aIncludes index. | ||
| 650 | _a1. Combinational analysis–Outlines,syllabi, etc. | ||
| 942 |
_2ddc _n0 _cBK-CIRC _iCirc. |
||
| 999 |
_c2898 _d2898 |
||